00410nam a2200145 a 450000500170000000800410001702000150005805000230007310000200009624500420011626000410015830000220019944000310022165000120025220140310183507.0100920s19uu xx 00 eng d a0448189046 aPZ 7b.D644Mi 1962 aDixon, Franklin aThe missing chums.cFranklin W. Dixon aNew York :bGrosset & Dunlap,c1962. a175 p. :c19 cm.  aHardy Boys Mystery Stories aFiction